Política y sociedad en el exilio republicano español / (Record no. 195657)

MARC details
000 -LEADER
campo de control de longitud fija 01801nam a2200409 i 4500
001 - NÚMERO DE CONTROL
campo de control 195657
003 - IDENTIFICADOR DE NÚMERO DE CONTROL
campo de control ES-MaACL
005 - FECHA Y HORA DE LA ÚLTIMA TRANSACCIÓN
campo de control 20250708191800.0
007 - CAMPO FIJO DE DESCRIPCIÓN FÍSICA--INFORMACIÓN GENERAL
campo de control de longitud fija ta
008 - DATOS DE LONGITUD FIJA--INFORMACIÓN GENERAL
campo de control de longitud fija 240701s2015 mx r 000 0 spa d
020 ## - NÚMERO INTERNACIONAL ESTÁNDAR DEL LIBRO
Número Internacional Estándar del Libro 9786070272110
020 ## - NÚMERO INTERNACIONAL ESTÁNDAR DEL LIBRO
Número Internacional Estándar del Libro 9786070267123
035 ## - NÚMERO DE CONTROL DEL SISTEMA
Número de control de sistema Rebiun27841478
040 ## - FUENTE DE CATALOGACIÓN
Centro catalogador/agencia de origen BUAH
Lengua de catalogación spa
Centro/agencia transcriptor ES-MaACL
245 00 - MENCIÓN DEL TÍTULO
Título Política y sociedad en el exilio republicano español /
Mención de responsabilidad, etc. Mari Carmen Serra Puche, José Francisco Mejía Flores, Carlos Sola Ayape (coordinadores)
250 ## - MENCION DE EDICION
Mención de edición 1 êd
260 ## - PUBLICACIÓN, DISTRIBUCIÓN, ETC.
Lugar de publicación, distribución, etc. México, D.F. :
Nombre del editor, distribuidor, etc. Universidad Nacional Autónoma de México, Centro de Investigaciones sobre América Latina y el Caribe, :
-- Cátedra del Exilio,
Fecha de publicación, distribución, etc. 2015
300 ## - DESCRIPCIÓN FÍSICA
Extensión 293 p. ;
Dimensiones 23 cm
336 ## - TIPO DE CONTENIDO
Fuente rdacontent
Término de tipo de contenido texto
337 ## - TIPO DE MEDIO
Fuente rdamedia
Nombre/término del tipo de medio sin mediación
338 ## - TIPO DE SOPORTE
Fuente rdacarrier
Nombre/término del tipo de soporte volumen
490 1# - MENCIÓN DE SERIE
Mención de serie Exilio Iberoamericano ;
Designación de volumen o secuencia 2
500 ## - NOTA GENERAL
Nota general Catalogación provisional. Signatura: N 8699. Depósito J.
650 #0 - PUNTO DE ACCESO ADICIONAL DE MATERIA--TÉRMINO DE MATERIA
Término de materia o nombre geográfico como elemento de entrada Exiliados españoles-
Subdivisión geográfica América Latina-
Subdivisión cronológica S.XX
9 (RLIN) 237300
651 #4 - PUNTO DE ACCESO ADICIONAL DE MATERIA--NOMBRE GEOGRÁFICO
Nombre geográfico España-
Subdivisión general Historia-
Subdivisión cronológica 1936-1939, Guerra civil-
Subdivisión general Opinión pública
9 (RLIN) 8317
700 ## - ENTRADA AGREGADA--NOMBRE PERSONAL
Nombre de persona Santana, Adalberto
9 (RLIN) 237302
700 ## - ENTRADA AGREGADA--NOMBRE PERSONAL
Nombre de persona Velázquez Hernández, Aurelio
9 (RLIN) 237303
710 ## - ENTRADA AGREGADA--NOMBRE DE ENTIDAD CORPORATIVA
Nombre de entidad corporativa o nombre de jurisdicción como elemento de entrada Universidad Nacional Autónoma de México.
Unidad subordinada Centro de Investigaciones sobre América Latina y el Caribe
9 (RLIN) 237304
710 ## - ENTRADA AGREGADA--NOMBRE DE ENTIDAD CORPORATIVA
Nombre de entidad corporativa o nombre de jurisdicción como elemento de entrada Cátedra del Exilio
9 (RLIN) 237305
830 ## - PUNTO DE ACCESO ADICIONAL DE SERIE-TÍTULO UNIFORME
Título uniforme Exilio Iberoamericano
9 (RLIN) 237306
852 ## - LOCALIZACIÓN
Ubicación ES-MaACL
Sublocalización o colección R.152817
Ubicación en estantería Depósito J
Número de control de estantería N-8699
Donativo/Legado Donación: Editorial
itemnumber 203856
Nota libre En proceso
942 ## - ELEMENTOS DE ENTRADA SECUNDARIOS (KOHA)
Suprimir en OPAC No
Tipo de ítem Koha Libro impreso
Holdings
Estatus retirado Estado de pérdida Fuente del sistema de clasificación o colocación Estado de daño No para préstamo Biblioteca de origen Biblioteca actual Ubicación en estantería Fecha de adquisición Fuente de adquisición Total de préstamos Signatura topográfica completa Código de barras Visto por última vez Precio de reemplazo Tipo de ítem Koha
    Clasificación decimal universal     Biblioteca del Ateneo de Madrid Biblioteca del Ateneo de Madrid Depósito J 01/07/2024 Donación   N-8699 101228711 01/07/2024 01/07/2024 Libro impreso